কোর্ট মার্শাল : (Record no. 194081)
[ view plain ]
| 000 -LEADER | |
|---|---|
| fixed length control field | 00834nam a22002177a 4500 |
| 003 - CONTROL NUMBER IDENTIFIER | |
| control field | BD-DhUL |
| 005 - DATE AND TIME OF LATEST TRANSACTION | |
| control field | 20170502111553.0 |
| 008 - FIXED-LENGTH DATA ELEMENTS--GENERAL INFORMATION | |
| fixed length control field | 170502s2017 bg ||||| b||| 00| 0 ben |
| 020 ## - INTERNATIONAL STANDARD BOOK NUMBER | |
| International Standard Book Number | 97898492130009 |
| 040 ## - CATALOGING SOURCE | |
| Original cataloging agency | BD-DhUL |
| Transcribing agency | BD-DhUL |
| 082 ## - DEWEY DECIMAL CLASSIFICATION NUMBER | |
| Classification number | 954.92 |
| Item number | SAC |
| 100 1# - MAIN ENTRY--PERSONAL NAME | |
| Personal name | সাইয়িদ, আবু |
| 245 1# - TITLE STATEMENT | |
| Title | কোর্ট মার্শাল : |
| Remainder of title | আমি মৃত্যুকে পরোয়া করি না / |
| Statement of responsibility, etc. | আবু সাইয়িদ |
| 260 ## - PUBLICATION, DISTRIBUTION, ETC. (IMPRINT) | |
| Place of publication, distribution, etc. | ঢাকা: |
| Name of publisher, distributor, etc. | সূচিপত্র, |
| Date of publication, distribution, etc. | ২০১৭. |
| 300 ## - PHYSICAL DESCRIPTION | |
| Extent | ১৭৬ পৃ. ; |
| Dimensions | ২২ সেমি |
| 365 ## - TRADE PRICE | |
| Price type code | BDT |
| Price amount | 350.00 |
| 504 ## - BIBLIOGRAPHY, ETC. NOTE | |
| Bibliography, etc | গ্রন্থপঞ্জিগত তথ্য সংবলিত |
| 651 #0 - SUBJECT ADDED ENTRY--GEOGRAPHIC NAME | |
| Geographic name | বাংলাদেশ |
| General subdivision | ইতিহাস |
| 651 #0 - SUBJECT ADDED ENTRY--GEOGRAPHIC NAME | |
| Geographic name | Bangladesh |
| General subdivision | History |
| 942 ## - ADDED ENTRY ELEMENTS (KOHA) | |
| Source of classification or shelving scheme | |
| Koha item type | Books |
| Price effective from | Date last seen | Permanent Location | Not for loan | Date acquired | Source of classification or shelving scheme | Koha item type | Lost status | Withdrawn status | Copy number | Source of acquisition | Collection code | Damaged status | Shelving location | Barcode | Current Location | Public note | Full call number |
|---|---|---|---|---|---|---|---|---|---|---|---|---|---|---|---|---|---|
| 2017-05-02 | 2017-05-02 | Dhaka University Library | Not For Loan | 2017-03-15 | Books | 1 | Purchased | Non Fiction | Bangabandhu Corner | 500316 | Dhaka University Library | Bangabandhu Corner | 954.92 SAC | ||||
| 2017-05-02 | 2017-05-02 | Dhaka University Library | Not For Loan | 2017-03-15 | Books | 2 | Purchased | Non Fiction | Liberation War Collection | 500317 | Dhaka University Library | 954.92 SAC |
